| Tag |
First Indicator |
Second Indicator |
Subfields |
| LEADER |
00000cam a2200000 i 4500 |
| 001 |
in00004036713 |
| 005 |
20190122121322.0 |
| 008 |
180725t20182018mdua b 000 0 eng |
| 010 |
|
|
|a 2018034854
|
| 020 |
|
|
|a 9781475844672
|q paperback
|q alkaline paper
|
| 020 |
|
|
|a 1475844670
|q paperback
|q alkaline paper
|
| 020 |
|
|
|a 9781475844665
|q hardcover
|q alkaline paper
|
| 020 |
|
|
|a 1475844662
|q hardcover
|q alkaline paper
|
| 035 |
|
|
|a (OCoLC)on1035367486
|
| 040 |
|
|
|a DLC
|e rda
|c DLC
|d UtOrBLW
|
| 049 |
|
|
|a TXAM
|
| 050 |
0 |
0 |
|a LB1590.3
|b .G52 2018
|
| 082 |
0 |
0 |
|a 372.5
|2 23
|
| 100 |
1 |
|
|a Giardina, Nicola,
|d 1980-
|e author.
|0 http://id.loc.gov/authorities/names/n2018043100
|
| 245 |
1 |
4 |
|a The more we look, the deeper it gets :
|b transforming the curriculum through art /
|c Nicola Giardina.
|
| 264 |
|
1 |
|a Lanham, Maryland :
|b Rowman & Littlefield,
|c [2018]
|
| 264 |
|
4 |
|c ©2018
|
| 300 |
|
|
|a xvii, 139 pages :
|b color illustrations ;
|c 24 cm.
|
| 336 |
|
|
|a text
|b txt
|2 rdacontent
|
| 337 |
|
|
|a unmediated
|b n
|2 rdamedia
|
| 338 |
|
|
|a volume
|b nc
|2 rdacarrier
|
| 504 |
|
|
|a Includes bibliographical references.
|
| 505 |
0 |
|
|a Introduction -- Why teach with art inquiry? -- The pyramid of inquiry -- Observation : what you see -- Evidence-based inference : what you think about what you see -- Interpretation : what it means -- The role of information in an art inquiry discussion -- Developing personal connections -- Planning and facilitating art inquiry experiences -- Art inquiry resources -- About the author -- Photospread.
|
| 650 |
|
0 |
|a Critical thinking
|x Study and teaching.
|0 http://id.loc.gov/authorities/subjects/sh2009121351
|
| 650 |
|
0 |
|a Art in education.
|0 http://id.loc.gov/authorities/subjects/sh85008004
|
| 650 |
|
0 |
|a Curriculum change.
|0 http://id.loc.gov/authorities/subjects/sh85034891
|
| 650 |
|
0 |
|a Effective teaching.
|0 http://id.loc.gov/authorities/subjects/sh95003618
|
| 945 |
|
|
|b 763850
|
| 947 |
|
|
|a A14850596165
|
| 948 |
|
|
|a cataloged
|b h
|c 2018/11/5
|d c
|e dmitchel
|f 10:10:10 am
|
| 994 |
|
|
|a 92
|b TXA
|
| 999 |
f |
f |
|s 18644d43-d9ce-39bc-81dd-465a1baafead
|i 946fe756-1257-3714-b747-52c156e0eb1c
|t 0
|
| 952 |
f |
f |
|p normal
|a Texas A&M University
|b College Station
|c Sterling C. Evans Library
|d Evans: Library Stacks
|t 0
|e LB1590.3 .G52 2018
|h Library of Congress classification
|i unmediated -- volume
|m A14850596165
|
| 998 |
f |
f |
|a LB1590.3 .G52 2018
|t 0
|l Evans: Library Stacks
|